The pretty lady / (Record no. 32367)

MARC details
000 -LEADER
campo de control de longitud fija 00393nam a2200145 i 4500
001 - NÚMERO DE CONTROL
campo de control 32367
003 - IDENTIFICADOR DE NÚMERO DE CONTROL
campo de control ES-MaACL
007 - CAMPO FIJO DE DESCRIPCIÓN FÍSICA--INFORMACIÓN GENERAL
campo de control de longitud fija t|
008 - DATOS DE LONGITUD FIJA--INFORMACIÓN GENERAL
campo de control de longitud fija 030131s1918 fr ||||1| eng d
100 1# - ENTRADA PRINCIPAL--NOMBRE DE PERSONA
Nombre de persona Bennett, Arnold.
9 (RLIN) 27731
245 14 - MENCIÓN DEL TÍTULO
Título The pretty lady /
Mención de responsabilidad, etc. Arnold Bennett.
260 ## - PUBLICACIÓN, DISTRIBUCIÓN, ETC.
Lugar de publicación, distribución, etc. Paris :
Nombre del editor, distribuidor, etc. [s.n.,
Fecha de publicación, distribución, etc. 1918] (
Lugar de fabricación/manufactura Tours :
Fabricante Barbot et Gallon)
300 ## - DESCRIPCIÓN FÍSICA
Extensión 310 p. ;
Dimensiones 16 cm.
852 ## - LOCALIZACIÓN
Ubicación ES-MaACL
Número de control de estantería B-3796
Holdings
Estatus retirado Estado de pérdida Estado de daño No para préstamo Biblioteca de origen Biblioteca actual Ubicación en estantería Fecha de adquisición Fuente de adquisición Total de préstamos Signatura topográfica completa Código de barras Visto por última vez Precio de reemplazo Tipo de ítem Koha
        Biblioteca del Ateneo de Madrid Biblioteca del Ateneo de Madrid Sala Pardo Bazán 17/01/2008     B-3796 1033527 23/02/2023 23/02/2023 Libro impreso